000 00935aab a2200193 i 4500
001 768714001
003 CO-MdFUSB
005 20250820161609.0
008 240423t1998 ag ||||| |||| 00| 0 spa d
040 _bspa
_cCO-MdFUSB
041 _aspa
100 1 _aEncuentro de Evangelicos, Política y Sociedad (EPOS)
_eautor
245 _aCarta abierta a las iglesias evangélicas de América Latina
_c/ EPOS
300 _aVolumen 17, número 3 (julio - septiembre, 1998), páginas: 26 - 27
_c; 27 cm
520 _aEl siguiente documento surgió del encuentro de Evangelicos, Política y Sociedad (EPOS) realizado en el Centro Kairós, Buenos Aires, Argentina, en 1998, en el cual mencionan los esfuerxos por lograr los estándares éticos del reino en América Latina.
773 0 _tIglesia y Misión
_049402
_959633
_gVolumen 17, número 3 (julio - septiembre, 1998), páginas: 26 - 27
_qpágina: 26
942 _cANA
945 _aJTF-925
999 _c52324
_d52324